| 000 | 00490nam a2200157 i 4500 | ||
|---|---|---|---|
| 001 | 52365 | ||
| 003 | ES-MaACL | ||
| 005 | 20250929063117.0 | ||
| 007 | t| | ||
| 008 | 030828s1900 sp ||||1| spa d | ||
| 100 | 1 |
_aChaves, Manuel, _d1870-1914 _938263 |
|
| 245 | 1 | 4 |
_aLos teatros de Sevilla en la segunda época constitucional _b: 1820-1823 / _cManuel Chaves. |
| 260 |
_aSevilla : _b[s.n., _c1900] ( _fImp. de F. Marta) |
||
| 852 |
_aES-MaACL _jT-1374-F-2 |
||
| 999 |
_c52365 _d52365 |
||